Online katalóg knižníc regiónu Turca

Serenáda pre Martinu (Record no. 22480)

MARC details
000 -LEADER
fixed length control field 00697nam a2200253 a 4500
001 - CONTROL NUMBER
control field 22480
003 - CONTROL NUMBER IDENTIFIER
control field SK-KTurca
005 - DATE AND TIME OF LATEST TRANSACTION
control field 20260330141006.0
008 - FIXED-LENGTH DATA ELEMENTS--GENERAL INFORMATION
fixed length control field 180606s1978 xo a j 000 1 slo c
035 ## - SYSTEM CONTROL NUMBER
System control number a000613833
040 ## - CATALOGING SOURCE
Original cataloging agency BAA001
Language of cataloging slo
Transcribing agency BAA001
Description conventions AACR2
041 0# - LANGUAGE CODE
Language code of text/sound track or separate title slo
044 ## - COUNTRY OF PUBLISHING/PRODUCING ENTITY CODE
MARC country code xo
ISO country code SK
084 ## - OTHER CLASSIFICATION NUMBER
Classification number W 9(1S)63-48
Number source UKB
100 1# - MAIN ENTRY--PERSONAL NAME
Personal name Čepčeková, Elena,
Dates associated with a name 1922-1992
245 10 - TITLE STATEMENT
Title Serenáda pre Martinu
Statement of responsibility, etc. Elena Čepčeková ; ilustr. Dušan Kállay
250 ## - EDITION STATEMENT
Edition statement 2. vyd.
260 ## - PUBLICATION, DISTRIBUTION, ETC.
Place of publication, distribution, etc. Bratislava
Name of publisher, distributor, etc. Mladé letá
Date of publication, distribution, etc. 1978
300 ## - PHYSICAL DESCRIPTION
Extent 127 s.
Other physical details il.
500 ## - GENERAL NOTE
General note Frontsp.
500 ## - GENERAL NOTE
General note Pre čitateľov od 13 rokov
700 1# - ADDED ENTRY--PERSONAL NAME
Personal name Kállay, Dušan,
Dates associated with a name 1948-
Relationship ill
942 ## - ADDED ENTRY ELEMENTS (KOHA)
Source of classification or shelving scheme Dewey Decimal Classification
Koha item type Krásna literatúra pre dospelých
Suppress in OPAC No
Holdings
Stav vyradenia Strata Poškodenie Spôsob nadobudnutia Domovská knižnica Aktuálna knižnica Dátum nadobudnutia Total checkouts Čiarový kód exemplára Date last seen Typ exemplára
      Dar Obecná knižnica Horná Štubňa Obecná knižnica Horná Štubňa 30.03.2026   4736202045 30.03.2026 Krásna literatúra pre deti
Projekt je podporený Slovenskou asociáciou knižníc
Prevádzkuje Turčianska knižnica Martin 2026